<?xml version="1.0" encoding="UTF-8"?>
<record
    xmlns:xsi="http://www.w3.org/2001/XMLSchema-instance"
    xsi:schemaLocation="http://www.loc.gov/MARC21/slim http://www.loc.gov/standards/marcxml/schema/MARC21slim.xsd"
    xmlns="http://www.loc.gov/MARC21/slim">

  <leader>01833nam a2200253 a 4500</leader>
  <controlfield tag="001">BRCA_8700</controlfield>
  <controlfield tag="005">20190320210354.0</controlfield>
  <controlfield tag="008">240117s1754----sp-a######---#000-0#spa-#</controlfield>
  <datafield tag="041" ind1=" " ind2=" ">
    <subfield code="a">spa</subfield>
  </datafield>
  <datafield tag="044" ind1=" " ind2=" ">
    <subfield code="a">sp</subfield>
  </datafield>
  <datafield tag="084" ind1=" " ind2=" ">
    <subfield code="a">BE43</subfield>
    <subfield code="b">.P58 1754</subfield>
  </datafield>
  <datafield tag="100" ind1="1" ind2=" ">
    <subfield code="a">Pluche, N&#xF6;el Antoine</subfield>
    <subfield code="d">1688 - 1761</subfield>
    <subfield code="9">21346</subfield>
  </datafield>
  <datafield tag="245" ind1="1" ind2="0">
    <subfield code="a">Espect&#xE1;culo de la naturaleza, o conversaciones a cerca de las particularidades de la historia natural, que han parecido m&#xE1;s aprop&#xF3;sito para exercitar una curiosidad &#xFA;til, y formarles la raz&#xF3;n &#xE0; los j&#xF3;venes lectores,  parte quinta, que contiene lo que mira al hombre considerado en si mismo.</subfield>
  </datafield>
  <datafield tag="260" ind1=" " ind2=" ">
    <subfield code="a">Madrid</subfield>
    <subfield code="b">En la oficina de D. Gabriel Ramirez</subfield>
    <subfield code="c">1754</subfield>
  </datafield>
  <datafield tag="300" ind1=" " ind2=" ">
    <subfield code="a">[4] 279 p. (t.10)</subfield>
    <subfield code="e">Con 17 laminas ilustradas</subfield>
  </datafield>
  <datafield tag="500" ind1=" " ind2=" ">
    <subfield code="a">En portada: Con dedicatoria a la Reyna nuestra se&#xF1;ora Do&#xF1;a Mar&#xED;a B&#xE1;rbara.</subfield>
  </datafield>
  <datafield tag="500" ind1=" " ind2=" ">
    <subfield code="a">Con marca de fuego: &#x201C;Procedencia de la marca: Colegio Jesuita de San Francisco Xavier de la Ciudad de Quer&#xE9;taro(1). Instituci&#xF3;n: Provincia Mexicana de la Compa&#xF1;&#xED;a de Jes&#xFA;s. Descripci&#xF3;n: Iniciales S. Xr. Q. que se desata como S[an] X[avie]r [de] Q[uer&#xE9;taro.]. Observaciones: A falta de un testimonio de pertenencia se hace la atribuci&#xF3;n de la marca en funci&#xF3;n a la realizada por David Saavedra Vega. Se espera localizar otro ejemplar que corrobore esta atribuci&#xF3;n. Ubicaci&#xF3;n de la marca en el libro: Canto superior&#x201D;</subfield>
  </datafield>
  <datafield tag="500" ind1=" " ind2=" ">
    <subfield code="a">Estado f&#xED;sico: presenta lomo desprendido, algunas hojas manchadas y cintas rotas</subfield>
  </datafield>
  <datafield tag="650" ind1="1" ind2="4">
    <subfield code="a">Ciencias naturales</subfield>
    <subfield code="y">Obras anteriores a 1800</subfield>
    <subfield code="9">21347</subfield>
  </datafield>
  <datafield tag="700" ind1="1" ind2=" ">
    <subfield code="a">Terreros y Pando, Esteban (S.I.)</subfield>
    <subfield code="d">1707 - 1782</subfield>
    <subfield code="e">tr.</subfield>
    <subfield code="9">21677</subfield>
  </datafield>
  <datafield tag="856" ind1=" " ind2=" ">
    <subfield code="a">http://www.marcasdefuego.buap.mx:8180/xmLibris/projects/firebrand/item.jsp?repository=marcas_de_fuego&amp;key=marcas_de_fuego_marcas_de_fuego_20151006120916_4064.xml&amp;num=5</subfield>
  </datafield>
  <datafield tag="902" ind1=" " ind2=" ">
    <subfield code="a">CFM</subfield>
  </datafield>
  <datafield tag="942" ind1=" " ind2=" ">
    <subfield code="2">lcc</subfield>
    <subfield code="c">B</subfield>
  </datafield>
  <datafield tag="999" ind1=" " ind2=" ">
    <subfield code="c">8353</subfield>
    <subfield code="d">8353</subfield>
  </datafield>
  <datafield tag="952" ind1=" " ind2=" ">
    <subfield code="0">0</subfield>
    <subfield code="1">0</subfield>
    <subfield code="2">lcc</subfield>
    <subfield code="4">0</subfield>
    <subfield code="7">0</subfield>
    <subfield code="8">CFM</subfield>
    <subfield code="a">BRCA</subfield>
    <subfield code="b">BRCA</subfield>
    <subfield code="d">2017-01-24</subfield>
    <subfield code="e">Donaci&#xF3;n</subfield>
    <subfield code="l">0</subfield>
    <subfield code="o">BE43 .P58 1754</subfield>
    <subfield code="p">CFM00040</subfield>
    <subfield code="r">2019-03-22 00:00:00</subfield>
    <subfield code="w">2019-03-22</subfield>
    <subfield code="y">B</subfield>
  </datafield>
</record>
